000
00288nam a22001217a 4500
008
170609b xxu||||| |||| 00| 0 eng d
041
_a
eng
080
_2
4 ED
_a
338
100
_a
19
101
_a
SHP
245
_a
THE POLITICAL ECONOMY OF DEVELOPMENT
_c
WILBER.CH.K
942
_2
udc
_c
BK
999
_c
16601
_d
16601